Boletín, tomo 56, entregas 3° y 4° /
Guardado en:
| Autor Corporativo: | |
|---|---|
| Formato: | Libro |
| Idioma: | Spanish |
| Publicado: |
Córdoba :
Academia Nacional de Ciencias,
1985.
|
| Etiquetas: |
Agregar Etiqueta
Sin Etiquetas, Sea el primero en etiquetar este registro!
|
| LEADER | 00499nam a22001455a 4500 | ||
|---|---|---|---|
| 001 | EUN.um030521 | ||
| 003 | AR-BaUNS | ||
| 005 | 20050623122906.0 | ||
| 008 | 041125s1985####ag#a##########000#0#spa#d | ||
| 245 | 1 | 0 | |a Boletín, tomo 56, entregas 3° y 4° / |c Academia Nacional de Ciencias. |
| 260 | |a Córdoba : |b Academia Nacional de Ciencias, |c 1985. | ||
| 300 | |a 228 p. : |b ilus. ; |c 26 cm. | ||
| 082 | 0 | 4 | |a 592 |
| 110 | 2 | |a Academia Nacional de Ciencias |c Córdoba. | |
| 859 | |a Ar-BaUNS |b BIB. CENTRAL - Sector C |h 592 |i Ac12 |p 92945/986 | ||
